कायाकल्प : (Record no. 120592)
[ view plain ]
| 000 -LEADER | |
|---|---|
| fixed length control field | 01100nam a22002537a 4500 |
| 005 - DATE AND TIME OF LATEST TRANSACTION | |
| control field | 20170124103200.0 |
| 010 ## - LIBRARY OF CONGRESS CONTROL NUMBER | |
| LC control number | B-093226 |
| 020 ## - INTERNATIONAL STANDARD BOOK NUMBER | |
| Terms of availability | 100.00 |
| 035 ## - SYSTEM CONTROL NUMBER | |
| System control number | B-093226 |
| 037 ## - SOURCE OF ACQUISITION | |
| Source of stock number/acquisition | Cen Lib/Ret |
| 040 ## - CATALOGING SOURCE | |
| Original cataloging agency | DPL |
| Language of cataloging | HN |
| 082 ## - DEWEY DECIMAL CLASSIFICATION NUMBER | |
| Classification number | 615.52 |
| Item number | चतुर्वे |
| 100 ## - MAIN ENTRY--PERSONAL NAME | |
| Personal name | चतुर्वेदी, वैद्य सुरेश |
| 9 (RLIN) | 42531 |
| 245 ## - TITLE STATEMENT | |
| Title | कायाकल्प : |
| Statement of responsibility, etc | वैद्य सुरेश चतुर्वेदी |
| Remainder of title | नवजीवन / |
| 246 ## - VARYING FORM OF TITLE | |
| Title proper/short title | Kayakalp : navjeevan / |
| Remainder of title | by Vaidya SUresh Chaturvedi |
| 260 ## - PUBLICATION, DISTRIBUTION, ETC. (IMPRINT) | |
| Place of publication, distribution, etc | मुंबई |
| Name of publisher, distributor, etc | एस. रामकृष्णन |
| Date of publication, distribution, etc | 2002 |
| 270 ## - ADDRESS | |
| City | मुंबई |
| Address | भारतीय विद्या भवन, कुलपति मुंशी मार्ग |
| Postal code | 400007 |
| 300 ## - PHYSICAL DESCRIPTION | |
| Extent | 61पृ. |
| Dimensions | 21सेमी(अजिल्द ) |
| 650 ## - SUBJECT ADDED ENTRY--TOPICAL TERM | |
| Topical term or geographic name as entry element | काया कल्प -- रोगों |
| General subdivision | |
| Geographic subdivision | |
| 9 (RLIN) | 91460 |
| 650 ## - SUBJECT ADDED ENTRY--TOPICAL TERM | |
| Topical term or geographic name as entry element | काया कल्प |
| 9 (RLIN) | 1541 |
| 650 ## - SUBJECT ADDED ENTRY--TOPICAL TERM | |
| Topical term or geographic name as entry element | Kaya Kalp - Diseases |
| 9 (RLIN) | 91461 |
| 650 ## - SUBJECT ADDED ENTRY--TOPICAL TERM | |
| Topical term or geographic name as entry element | Kaya Kalp |
| 9 (RLIN) | 91462 |
| 942 ## - ADDED ENTRY ELEMENTS (KOHA) | |
| Source of classification or shelving scheme | Dewey Decimal Classification |
| Koha item type | Hindi Books |
| Classification part | 615.52 |
| Call number suffix | चतुर्वे |
| Withdrawn status | Lost status | Damaged status | Not for loan | Home library | Current library | Date acquired | Source of acquisition | Cost, normal purchase price | Total Checkouts | Full call number | Barcode | Date last seen | Date checked out | Copy number | Cost, replacement price | Price effective from | Koha item type | Source of classification or shelving scheme | Collection code |
|---|---|---|---|---|---|---|---|---|---|---|---|---|---|---|---|---|---|---|---|
| Central Library | Central Library | 23/09/2015 | Cen Lib/Ref | 100.00 | 3 | 615.52 चतुर्वे | B-093226 | 03/03/2023 | 28/02/2023 | 1 | 100.00 | 23/09/2015 | Hindi Books | ||||||
| Patel Nagar | Patel Nagar | 04/12/2018 | 100.00 | 1 | 615.52 चतुर्वे | b-093227 | 20/12/2018 | 04/12/2018 | 100.00 | 04/12/2018 | Hindi Books | Dewey Decimal Classification | Non-fiction |
